<?xml version="1.0" encoding="UTF-8"?>
<record
    xmlns:xsi="http://www.w3.org/2001/XMLSchema-instance"
    xsi:schemaLocation="http://www.loc.gov/MARC21/slim http://www.loc.gov/standards/marcxml/schema/MARC21slim.xsd"
    xmlns="http://www.loc.gov/MARC21/slim">

  <leader>00765nam a22001577a 4500</leader>
  <controlfield tag="003">OSt</controlfield>
  <controlfield tag="005">20170810140029.0</controlfield>
  <controlfield tag="008">170810b        xxu||||| |||| 00| 0 eng d</controlfield>
  <datafield tag="040" ind1=" " ind2=" ">
    <subfield code="c">RUA</subfield>
  </datafield>
  <datafield tag="082" ind1=" " ind2=" ">
    <subfield code="a">AGR LON 2014 B547 Or.1</subfield>
  </datafield>
  <datafield tag="100" ind1=" " ind2=" ">
    <subfield code="9">11932</subfield>
    <subfield code="a">LON PHALLIN, &#x17A1;&#x1793; &#x1795;&#x179B;&#x17D2;&#x179B;&#x17B8;&#x1793;</subfield>
  </datafield>
  <datafield tag="245" ind1=" " ind2=" ">
    <subfield code="a">effect of diammonium phosphate (D A P) fertilizer on chinese cabbage at royal university of  agriculture ,&#x1794;&#x17D2;&#x179A;&#x179F;&#x17B7;&#x1791;&#x17D2;&#x1792;&#x1797;&#x17B6;&#x1796;&#x1787;&#x17B8;&#x178C;&#x17B8;&#x17A2;&#x17B6;&#x1798;&#x17C9;&#x17BC;&#x1793;&#x17B8;&#x1789;&#x17C9;&#x17BC;&#x1798;&#x1795;&#x17BC;&#x179F;&#x17D2;&#x179C;&#x17B6;&#x178F;(&#x178A;&#x17C1; &#x17A2;&#x17B6; &#x1794;&#x17C9;&#x17C1;)&#x1791;&#x17C5;&#x179B;&#x17BE;&#x178A;&#x17C6;&#x178E;&#x17B6;&#x17C6;&#x179F;&#x17D2;&#x1796;&#x17C3;&#x1785;&#x1784;&#x17D2;&#x1780;&#x17B9;&#x17C7;&#x1793;&#x17C5;&#x179F;&#x17B6;&#x1780;&#x179B;&#x179C;&#x17B7;&#x1791;&#x17D2;&#x1799;&#x17B6;&#x179B;&#x17D0;&#x1799;&#x1797;&#x17BC;&#x1798;&#x17B7;&#x1793;&#x17D2;&#x1791;&#x1780;&#x179F;&#x17B7;&#x1780;&#x1798;&#x17D2;&#x1798;</subfield>
  </datafield>
  <datafield tag="260" ind1=" " ind2=" ">
    <subfield code="a">phnom penh</subfield>
    <subfield code="b">RUA</subfield>
    <subfield code="c">2014</subfield>
  </datafield>
  <datafield tag="300" ind1=" " ind2=" ">
    <subfield code="a">ix;36p;</subfield>
    <subfield code="b">ill;</subfield>
    <subfield code="c">29cm;</subfield>
  </datafield>
  <datafield tag="942" ind1=" " ind2=" ">
    <subfield code="2">ddc</subfield>
    <subfield code="c">AGR</subfield>
  </datafield>
  <datafield tag="999" ind1=" " ind2=" ">
    <subfield code="c">12158</subfield>
    <subfield code="d">12158</subfield>
  </datafield>
  <datafield tag="952" ind1=" " ind2=" ">
    <subfield code="0">0</subfield>
    <subfield code="1">0</subfield>
    <subfield code="2">ddc</subfield>
    <subfield code="4">0</subfield>
    <subfield code="6">AGR_LON_2014_000000000000000_B547_OR_1</subfield>
    <subfield code="7">0</subfield>
    <subfield code="9">61407</subfield>
    <subfield code="a">LBB</subfield>
    <subfield code="b">LBB</subfield>
    <subfield code="c">B547</subfield>
    <subfield code="d">2017-08-10</subfield>
    <subfield code="o">AGR LON 2014 B547 Or.1</subfield>
    <subfield code="r">2017-08-10</subfield>
    <subfield code="w">2017-08-10</subfield>
    <subfield code="y">AGR</subfield>
  </datafield>
  <datafield tag="952" ind1=" " ind2=" ">
    <subfield code="0">0</subfield>
    <subfield code="1">0</subfield>
    <subfield code="2">ddc</subfield>
    <subfield code="4">0</subfield>
    <subfield code="6">AGR_LON_2014_000000000000000_B547_OR_2</subfield>
    <subfield code="7">0</subfield>
    <subfield code="9">61408</subfield>
    <subfield code="a">LBB</subfield>
    <subfield code="b">LBB</subfield>
    <subfield code="c">B547</subfield>
    <subfield code="d">2017-08-10</subfield>
    <subfield code="l">2</subfield>
    <subfield code="m">1</subfield>
    <subfield code="o">AGR LON 2014 B547 Or.2</subfield>
    <subfield code="p">A08307</subfield>
    <subfield code="r">2018-06-25</subfield>
    <subfield code="s">2018-06-09</subfield>
    <subfield code="w">2017-08-10</subfield>
    <subfield code="y">AGR</subfield>
  </datafield>
  <datafield tag="952" ind1=" " ind2=" ">
    <subfield code="0">0</subfield>
    <subfield code="1">0</subfield>
    <subfield code="2">ddc</subfield>
    <subfield code="4">0</subfield>
    <subfield code="6">AGR_LON_2014_000000000000000_B547_OR_3</subfield>
    <subfield code="7">0</subfield>
    <subfield code="9">61409</subfield>
    <subfield code="a">LBB</subfield>
    <subfield code="b">LBB</subfield>
    <subfield code="c">B547</subfield>
    <subfield code="d">2017-08-10</subfield>
    <subfield code="o">AGR LON 2014 B547 Or.3</subfield>
    <subfield code="p">A08150</subfield>
    <subfield code="r">2017-08-10</subfield>
    <subfield code="w">2017-08-10</subfield>
    <subfield code="y">AGR</subfield>
  </datafield>
  <datafield tag="952" ind1=" " ind2=" ">
    <subfield code="0">0</subfield>
    <subfield code="1">0</subfield>
    <subfield code="2">ddc</subfield>
    <subfield code="4">0</subfield>
    <subfield code="6">AGR_LON_2014_000000000000000_B547_OR_4</subfield>
    <subfield code="7">0</subfield>
    <subfield code="9">61410</subfield>
    <subfield code="a">LBB</subfield>
    <subfield code="b">LBB</subfield>
    <subfield code="c">B547</subfield>
    <subfield code="d">2017-08-10</subfield>
    <subfield code="o">AGR LON 2014 B547 Or.4</subfield>
    <subfield code="p">A08411</subfield>
    <subfield code="r">2017-08-10</subfield>
    <subfield code="w">2017-08-10</subfield>
    <subfield code="y">AGR</subfield>
  </datafield>
  <datafield tag="952" ind1=" " ind2=" ">
    <subfield code="0">0</subfield>
    <subfield code="1">0</subfield>
    <subfield code="2">ddc</subfield>
    <subfield code="4">0</subfield>
    <subfield code="6">AGR_LON_2014_000000000000000_B547_OR_5</subfield>
    <subfield code="7">0</subfield>
    <subfield code="9">61411</subfield>
    <subfield code="a">LBB</subfield>
    <subfield code="b">LBB</subfield>
    <subfield code="c">B547</subfield>
    <subfield code="d">2017-08-10</subfield>
    <subfield code="o">AGR LON 2014 B547 Or.5</subfield>
    <subfield code="p">A08351</subfield>
    <subfield code="r">2017-08-10</subfield>
    <subfield code="w">2017-08-10</subfield>
    <subfield code="y">AGR</subfield>
  </datafield>
  <datafield tag="952" ind1=" " ind2=" ">
    <subfield code="0">0</subfield>
    <subfield code="1">0</subfield>
    <subfield code="2">ddc</subfield>
    <subfield code="4">0</subfield>
    <subfield code="6">AGR_LON_2014_000000000000000_B547_OR_6</subfield>
    <subfield code="7">0</subfield>
    <subfield code="9">61412</subfield>
    <subfield code="a">LBB</subfield>
    <subfield code="b">LBB</subfield>
    <subfield code="c">B547</subfield>
    <subfield code="d">2017-08-10</subfield>
    <subfield code="l">1</subfield>
    <subfield code="o">AGR LON 2014 B547 Or.6</subfield>
    <subfield code="p">A09104</subfield>
    <subfield code="r">2018-08-15</subfield>
    <subfield code="s">2018-06-25</subfield>
    <subfield code="w">2017-08-10</subfield>
    <subfield code="y">AGR</subfield>
  </datafield>
  <datafield tag="952" ind1=" " ind2=" ">
    <subfield code="0">0</subfield>
    <subfield code="1">0</subfield>
    <subfield code="2">ddc</subfield>
    <subfield code="4">0</subfield>
    <subfield code="6">AGR_LON_2014_000000000000000_B547_OR_7</subfield>
    <subfield code="7">0</subfield>
    <subfield code="9">61413</subfield>
    <subfield code="a">LBB</subfield>
    <subfield code="b">LBB</subfield>
    <subfield code="c">B547</subfield>
    <subfield code="d">2017-08-10</subfield>
    <subfield code="l">1</subfield>
    <subfield code="o">AGR LON 2014 B547 Or.7</subfield>
    <subfield code="p">A08169</subfield>
    <subfield code="r">2018-07-03</subfield>
    <subfield code="s">2018-07-02</subfield>
    <subfield code="w">2017-08-10</subfield>
    <subfield code="y">AGR</subfield>
  </datafield>
  <datafield tag="952" ind1=" " ind2=" ">
    <subfield code="0">0</subfield>
    <subfield code="1">0</subfield>
    <subfield code="2">ddc</subfield>
    <subfield code="4">0</subfield>
    <subfield code="6">AGR_LON_2014_000000000000000_B547_OR_8</subfield>
    <subfield code="7">0</subfield>
    <subfield code="9">61414</subfield>
    <subfield code="a">LBB</subfield>
    <subfield code="b">LBB</subfield>
    <subfield code="c">B547</subfield>
    <subfield code="d">2017-08-10</subfield>
    <subfield code="l">1</subfield>
    <subfield code="o">AGR LON 2014 B547 Or.8</subfield>
    <subfield code="p">A08721</subfield>
    <subfield code="r">2018-12-12</subfield>
    <subfield code="s">2018-11-30</subfield>
    <subfield code="w">2017-08-10</subfield>
    <subfield code="y">AGR</subfield>
  </datafield>
</record>
